| 000 | 00477cam a2200205 4500 | ||
|---|---|---|---|
| 001 | B375 | ||
| 008 | 090401t1986 xxu||||| |||| 00| 0 eng d | ||
| 035 | _a(Sirsi) u35321 | ||
| 041 | _aeng | ||
| 050 | _a333.336 | ||
| 110 |
_aFuller Peiser _92056 |
||
| 245 | _aHigh technology `86 | ||
| 260 |
_aLondon _bFuller Peiser _c1986 |
||
| 300 | _a22 leaves : ill. ; 30cm. | ||
| 350 | _a0 | ||
| 650 | _aINDUSTRIAL PROPERTY | ||
| 650 | _aRENT | ||
| 942 | _n0 | ||
| 948 | _c04/03/1997 | ||
| 999 |
_c90094 _d90094 |
||